Climate change and biodiversity

Αποθηκεύτηκε σε:
Λεπτομέρειες βιβλιογραφικής εγγραφής
Άλλοι συγγραφείς: Lovejoy, Thomas E. (Επιμελητής έκδοσης), Hannah, Lee Jay (Επιμελητής έκδοσης)
Μορφή: Βιβλίο
Γλώσσα:English
Δημοσίευση: New Haven and London : Yale University Press, c2005
Θέματα:
Ετικέτες: Προσθήκη ετικέτας
Δεν υπάρχουν, Καταχωρήστε ετικέτα πρώτοι!

MARC

LEADER 00000nam a2200000 i 4500
001 1/42122
008 080509s2005 eng d
020 |a 0-300-11980-1 (hardback) 
020 |a 0-300-10425-1 (paperback) 
035 |l 10116692 
040 |a GR-MY-UA  |b gre  |e aacr 
041 0 |a eng 
082 0 |a 577.22  |2 (22) 
245 1 0 |a Climate change and biodiversity /  |c edited by Thomas E Lovejoy and Lee Jay Hannah 
260 |a New Haven and London :   |b Yale University Press,   |c c2005 
300 |a xiii, 418 σ.;  |b χάρτες, πίν., σχ. ;  |c 26 εκ.  
504 |a Περιέχει βιβλιογραφικές αναφορές 
504 |a Ευρετήριο: σ. 401-418 
650 0 0 |a Biological diversity  |x Climatic factors. 
650 0 0 |a Biological diversity. 
650 0 0 |a Climatic changes  |x Environmental aspects. 
700 1 |a Lovejoy, Thomas E.  |4 edt 
700 1 |a Hannah, Lee Jay.  |4 edt 
852 |a INST  |b LESVOS  |e 20080509  |h 577.22 CLI  |p 005100042499  |q 005100042499  |t BK  |y 0 
852 |a INST  |b LESVOS  |e 20140214  |h 577.22 CLI  |p 005100053582  |q 005100053582  |t BK  |y 0 
901 |a BIBL1-2014-1 
901 |a BIBL1-2008-2 
909 |a Λ  |b 179356 
909 |a Λ  |b 143026 
922 |a 1ΕΛΗ  |b 201210  |c ΤΜΗΜΑ ΓΕΩΓΡΑΦΙΑΣ  |d ΙΩΑΝΝΙΔΟΥ 
922 |a 1ΕΛΗ  |b 200712  |c ΕΠΕΑΕΚ2/ΤΠ  |d ΠΑΠΑΣΩΤΗΡΙΟΥ 
970 |a ΤΖΑΦΕΡΗ  |b ΕΥΑΓΓΕΛΙΑ  |z 2014/02/12 
970 |a ΧΑΤΖΗΜΙΧΑΗΛ  |b ΜΑΡΙΑ  |z 2008/05/09